000 00888nam a22003017a 4500
001 0040698
003 KOHA_MİRAKIL
005 20260207003210.0
007 ta
008 130730b2009 tu a|||gr||||#||||0|tur |
020 _a9758624288
040 _aTR-BiSEU
_btur
_cTR-BiSEU
_erda
041 0 _atur
044 _ctu
050 _aQD151.5
_b.M54 2009
100 1 _aMiessler, Gary L..
245 1 _aİnorganik kimya/
_cGary L. Miessler ; Gary L. Miessler, Donald Tarr; çeviren Nurcan Karataş, Perihan Gürkan.
250 _a3. Baskı
264 1 _aAnkara :
_bPalme Yayıncılık
_c2009
300 _a708 sayfa :
_bresimli ;
_c27 cm
336 _ametin
_btxt
_2rdacontent
337 _aaracısız
_bn
_2rdamedia
338 _acilt
_bnc
_2rdacarrier
500 _aDizin var.
650 0 _aAnorganik kimya.
_92056
650 0 _aChemistry, inorganic.
_93744
942 _2lcc
_cBK
999 _c40565
_d40565